Random Indian Cities on a Map - Statistics

General Stats
  • This quiz has been taken 416 times
  • The average score is 5 of 10
Answers on the Map
Answers color-coded by a green-red scale on the quiz's map according to % correct below.
 
Answer Stats
City % Correct
Bangalore
100%
Kolkata
100%
Mumbai
100%
Patna
91%
Ahmedabad
90%
Delhi
89%
Hyderabad
88%
Surat
86%
Amritsar
85%
Lucknow
85%
Pune
85%
Jaipur
83%
Ludhiana
78%
Chennai
75%
Kochi
73%
Agra
71%
Nashik
67%
Srinagar
67%
Nagpur
64%
Bhopal
63%
Coimbatore
62%
Vishakhapatnam
62%
Jodhpur
60%
Dhanbad
57%
Aurangabad
54%
Kozhikode
53%
Kanpur
50%
Meerut
50%
Solapur
50%
Jabalpur
47%
Allahabad
46%
Hubli-Dharwad
46%
Madurai
46%
Ranchi
45%
Bhubaneswar
43%
Guwahati
43%
Gwalior
43%
Rajkot
43%
Āsansol
38%
Jamshedpur
38%
Mysore
38%
Chandigarh
36%
Tiruppur
36%
Vadodara
36%
Indore
33%
Vijayawada
33%
Bhilai
30%
Kotā
25%
Salem
25%
Varanasi
23%
Bareilly
22%
Jalandhar
22%
Tiruchirappalli
21%
Morādābād
15%
Alīgarh
8%
No matching quizzes found
Score Distribution
Percent of People with Each Score
Percentile by Number Answered
Your Score History
You have not taken this quiz